00617nam a2200229 a 4500001001300000003000900013005001700022008004100039020000900080082001800089100001400107245001100121260003300132300000800165500003500173650001800208700001400226902000800240942000700248952011700255999001500372nice12345678IN_TiNIC20260116012924.0071211s1969 dela grp 000 0 eng  ac2500a891.4391bMUJ aMujeeb, M aGhalib aDelhibSahitya Academyc1969 a80p aincludes index and biblioraphy aGhalib-Poetry1 aMujeeb, M bSRS cBK 001040708StackRoom-aHMIbHMId2007-12-11g25.00l0o891.4391 MUJp013199r2007-12-11v25.00w2007-12-11yBK c8903d8903